000 00227nam a22000857a 4500
008 160712b xxu||||| |||| 00| 0 eng d
100 _92637
_a McDaniel, C.E.B., et al
245 _aBefore Honer
260 _aN.Y
_b A.J.Holman Com.
_c1975
999 _c2291
_d2291